=LDR 00000nam 2200000 4500 =001 INLIS000000000056667 =005 20200921012951 =035 ##$$a 0010-0920000298 =007 ta =008 200921###########################0#ind## =020 ##$$a 978-602-322-020-5 =082 ##$$a 028.5 =084 ##$$a 028.5 Cik c =245 1#$$a Ciki & Tiki /$c Pusat Perpustakaan dan Penyebaran Teknologi Pertanian =300 ##$$a 48 halaman : $b Ilustrasi ; $c 23 Cm. =650 #4$$a Unggas-bacaan kanak-kanak =264 ##$$a Bogor :$b Pertanian Republik Indonsia,$c 2018 =336 ##$$a teks$2 rdacontent =337 ##$$a lain-lain$2 rdamedia =338 ##$$a lain-lain$2 rdacarrier =990 ##$$a 11801180